[Event "DEM U12/U12w 2009"]
[Site "Willingen GER"]
[Date "2009.06.05"]
[Round "9"]
[White "Nitzsche, Pia"]
[Black "Edel, Fenja"]
[Result "1/2-1/2"]
[Termination "normal"]
[Board "43"]
[WhiteElo "1350"]
[BlackElo "1142"]
[PlyCount "51"]
[WhiteFideId "12900370"]
[BlackFideId "24696749"]
[EventCountry "GER"]
[EventRounds "11"]
[EventType "swiss"]
[EventDate "2009.05.30"]

1. c4 e6 2. Nc3 d5 3. cxd5 exd5 4. d4 c5 5. Nf3 Nc6 6. Bf4 Nf6 7. e3 Be6 8. Bd3
cxd4 9. exd4 Bd6 10. Bg5 Be7 11. O-O O-O 12. h3 Qd7 13. Ne5 Qd8 14. Nxc6 bxc6
15. Qc2 h6 16. Bxf6 Bxf6 17. Rad1 Rb8 18. Na4 Qd6 19. Nc5 Kh8 20. Nxe6 fxe6 21.
Be2 e5 22. Qg6 e4 23. Bg4 Be7 24. Qxd6 Bxd6 25. b3 Rfd8 26. Rc1 1/2-1/2

[Event "DEM U12/U12w 2009"]
[Site "Willingen GER"]
[Date "2009.06.05"]
[Round "9"]
[White "Diederichs, Luise"]
[Black "Faden, Maximilian"]
[Result "1/2-1/2"]
[Termination "normal"]
[Board "44"]
[WhiteElo "1209"]
[BlackElo "1325"]
[PlyCount "65"]
[WhiteFideId "24661597"]
[EventCountry "GER"]
[EventRounds "11"]
[EventType "swiss"]
[EventDate "2009.05.30"]

1. d4 d5 2. c4 c6 3. Nc3 Nf6 4. Bg5 Nbd7 5. e3 e6 6. cxd5 exd5 7. Bd3 Bd6 8.
Nf3 O-O 9. O-O Re8 10. Qc2 Nf8 11. Rfe1 Bg4 12. Nd2 Bh5 13. e4 dxe4 14. Ndxe4
Be7 15. Nxf6+ Bxf6 16. Rxe8 Qxe8 17. Bxf6 gxf6 18. Qd2 Qd7 19. Qf4 Qe7 20. Ne4
Nd7 21. Re1 Bg6 22. Qe3 Kg7 23. Nc5 Qxe3 24. Rxe3 Nxc5 25. dxc5 Rd8 26. Bf1 Rd2
27. Re2 Rd1 28. Re3 Ra1 29. a3 Rb1 30. Rb3 b6 31. cxb6 axb6 32. f3 b5 33. Kf2
1/2-1/2

[Event "DEM U12/U12w 2009"]
[Site "Willingen GER"]
[Date "2009.06.05"]
[Round "9"]
[White "Weber, Sandra"]
[Black "Reksten, Anne"]
[Result "1/2-1/2"]
[Termination "normal"]
[Board "45"]
[WhiteElo "1315"]
[BlackElo "1176"]
[PlyCount "46"]
[WhiteFideId "1270049"]
[BlackFideId "24692778"]
[EventCountry "GER"]
[EventRounds "11"]
[EventType "swiss"]
[EventDate "2009.05.30"]

1. d4 d5 2. c4 c6 3. Nc3 Nf6 4. Nf3 Bg4 5. Qb3 b6 6. Ne5 Bf5 7. e3 e6 8. Bd3
Bxd3 9. Nxd3 Nbd7 10. O-O Bd6 11. cxd5 cxd5 12. Re1 O-O 13. e4 dxe4 14. Nxe4
Nxe4 15. Rxe4 Nf6 16. Rh4 Nd5 17. Rh3 Qf6 18. Be3 Rac8 19. Qd1 Qg6 20. Ne5 Bxe5
21. dxe5 Qf5 22. Rg3 Kh8 23. Bd4 Rc7 1/2-1/2

[Event "DEM U12/U12w 2009"]
[Site "Willingen GER"]
[Date "2009.06.05"]
[Round "9"]
[White "Herbrig, Marie-Helen"]
[Black "Behr, Jessica"]
[Result "1-0"]
[Termination "normal"]
[Board "46"]
[WhiteElo "1248"]
[BlackElo "1053"]
[PlyCount "95"]
[WhiteFideId "12900427"]
[EventCountry "GER"]
[EventRounds "11"]
[EventType "swiss"]
[EventDate "2009.05.30"]

1. e4 e6 2. d4 d5 3. exd5 exd5 4. Bd3 Bd6 5. Ne2 Nf6 6. O-O O-O 7. Bf4 Be6 8.
Nd2 c6 9. Bg3 Qc7 10. Nb3 Ng4 11. Bxd6 Qxd6 12. Ng3 Nd7 13. h3 Ne3 14. fxe3
Qxg3 15. Rf3 Qg5 16. Qd2 Rfe8 17. Raf1 Qe7 18. Qf2 Nf6 19. Nd2 Nh5 20. e4 Rad8
21. c3 g6 22. Re3 Qd7 23. Be2 Ng7 24. Nf3 dxe4 25. Ne5 Qc7 26. Rxe4 Bf5 27. Re3
c5 28. Rf3 Rf8 29. Rd1 cxd4 30. cxd4 Qc2 31. Rb3 Ne6 32. Nf3 Be4 33. Rf1 Nxd4
34. Nxd4 Rxd4 35. Qxd4 Qxe2 36. Rf2 Qe1+ 37. Kh2 Rc8 38. Rf4 Bf5 39. Rxb7 Rc1
40. Rb8+ Rc8 41. Rxc8+ Bxc8 42. Re4 Qxe4 43. Qxe4 Bf5 44. Qd4 Be6 45. Qxa7 Kg7
46. b4 Kh6 47. b5 f5 48. Qe3+ 1-0

[Event "DEM U12/U12w 2009"]
[Site "Willingen GER"]
[Date "2009.06.05"]
[Round "9"]
[White "Gaßmann, Linda"]
[Black "Heinemann, Josefine"]
[Result "1/2-1/2"]
[Termination "normal"]
[Board "47"]
[WhiteElo "1143"]
[BlackElo "1062"]
[PlyCount "34"]
[WhiteFideId "12900451"]
[BlackFideId "12900460"]
[EventCountry "GER"]
[EventRounds "11"]
[EventType "swiss"]
[EventDate "2009.05.30"]

1. e4 e5 2. Nf3 Nc6 3. Bc4 Bc5 4. Nc3 Nf6 5. d3 d6 6. h3 a6 7. Be3 Ba7 8. O-O
h6 9. Nh2 Bd7 10. Qd2 Na5 11. Bb3 Nxb3 12. axb3 O-O 13. Kh1 c6 14. f4 Re8 15.
Rae1 Nh5 16. Ne2 Bxe3 17. Qxe3 Qe7 1/2-1/2

[Event "DEM U12/U12w 2009"]
[Site "Willingen GER"]
[Date "2009.06.05"]
[Round "9"]
[White "Wagner, Swenja"]
[Black "Paliy, Margaryta"]
[Result "1-0"]
[Termination "normal"]
[Board "48"]
[WhiteElo "833"]
[BlackElo "1047"]
[PlyCount "51"]
[WhiteFideId "12900494"]
[BlackFideId "24692417"]
[EventCountry "GER"]
[EventRounds "11"]
[EventType "swiss"]
[EventDate "2009.05.30"]

1. e4 e5 2. Nf3 Nc6 3. Bc4 Bc5 4. c3 Nf6 5. d4 exd4 6. cxd4 Bb4+ 7. Bd2 Bxd2+
8. Nbxd2 d6 9. O-O Bg4 10. Qb3 O-O 11. Qd3 h6 12. e5 dxe5 13. dxe5 Qxd3 14.
Bxd3 Nd5 15. Rfe1 Rad8 16. Rad1 Nf4 17. Be4 Nd4 18. h3 Bxf3 19. Nxf3 Nxf3+ 20.
Bxf3 Rxd1 21. Rxd1 b6 22. Rd7 Rc8 23. Bb7 Re8 24. Be4 Rxe5 25. Rd8+ Re8 26.
Rxe8# 1-0

[Event "DEM U12/U12w 2009"]
[Site "Willingen GER"]
[Date "2009.06.05"]
[Round "10"]
[White "Xu, Xianliang"]
[Black "Wagner, Dennis"]
[Result "1/2-1/2"]
[Termination "normal"]
[Board "1"]
[WhiteElo "1921"]
[BlackElo "2024"]
[PlyCount "31"]
[WhiteFideId "4603230"]
[BlackFideId "24650684"]
[EventCountry "GER"]
[EventRounds "11"]
[EventType "swiss"]
[EventDate "2009.05.30"]

1. e4 e5 2. f4 Bc5 3. Nf3 d6 4. Nc3 Nf6 5. Bc4 Nc6 6. d3 a6 7. Ng5 O-O 8. f5 h6
9. Bxf7+ Rxf7 10. Nxf7 Kxf7 11. g4 Nd5 12. Nxd5 Qh4+ 13. Kd2 Qg5+ 14. Ke1 Qh4+
15. Kd2 Qg5+ 16. Ke1 1/2-1/2

[Event "DEM U12/U12w 2009"]
[Site "Willingen GER"]
[Date "2009.06.05"]
[Round "10"]
[White "Svane, Rasmus"]
[Black "Töws, Manuel"]
[Result "1-0"]
[Termination "normal"]
[Board "2"]
[WhiteElo "2034"]
[BlackElo "1863"]
[PlyCount "85"]
[WhiteFideId "4657101"]
[BlackFideId "24654485"]
[EventCountry "GER"]
[EventRounds "11"]
[EventType "swiss"]
[EventDate "2009.05.30"]

1. e4 Nf6 2. e5 Nd5 3. d4 d6 4. Nf3 g6 5. Be2 Bg7 6. exd6 exd6 7. O-O O-O 8. c4
Nb6 9. Bg5 f6 10. Be3 Be6 11. b3 f5 12. Qd2 a5 13. Nc3 Bf7 14. Rfe1 a4 15. Rad1
axb3 16. axb3 d5 17. Ne5 dxc4 18. Nxf7 Rxf7 19. bxc4 Kh8 20. c5 N6d7 21. Bc4
Rf8 22. Bg5 Bf6 23. Bh6 Bg7 24. Bxg7+ Kxg7 25. Nd5 Nc6 26. Nf4 Rf6 27. Ne6+
Rxe6 28. Rxe6 Nf8 29. Ree1 Qf6 30. Qe2 g5 31. d5 Na5 32. Ba2 Ng6 33. d6 Nc6 34.
dxc7 Nce5 35. Bd5 Rc8 36. Bxb7 Rxc7 37. Qb5 f4 38. f3 h5 39. Rd6 Qf5 40. Be4
Qf7 41. Qb6 Rc8 42. Bxg6 Nxg6 43. Rxg6+ 1-0

[Event "DEM U12/U12w 2009"]
[Site "Willingen GER"]
[Date "2009.06.05"]
[Round "10"]
[White "Lampert, Jonas"]
[Black "Donchenko, Alexander"]
[Result "0-1"]
[Termination "normal"]
[Board "3"]
[WhiteElo "1977"]
[BlackElo "1984"]
[PlyCount "78"]
[WhiteFideId "1303759"]
[BlackFideId "24603295"]
[EventCountry "GER"]
[EventRounds "11"]
[EventType "swiss"]
[EventDate "2009.05.30"]

1. e4 d6 2. d4 Nf6 3. Nc3 g6 4. Be3 c6 5. h3 Nbd7 6. f4 b5 7. e5 b4 8. Nce2 Nd5
9. Bf2 Bg7 10. Nf3 Bb7 11. a3 a5 12. c4 bxc3 13. bxc3 O-O 14. c4 Nc7 15. Nc3 c5
16. exd6 exd6 17. Rc1 Qf6 18. Ne2 Rfe8 19. Qd2 Bxf3 20. gxf3 Ne6 21. dxc5 Ndxc5
22. Be3 Nb3 23. Qc2 Nxc1 24. Qxc1 Nd4 25. Kf2 Qh4+ 26. Kg2 Nf5 27. Bf2 Qe7 28.
Kh2 Rac8 29. Ng3 Nd4 30. Bg2 Qc7 31. Ne4 d5 32. Ng3 dxc4 33. Rd1 Nb3 34. Qc2
Qxf4 35. Rd7 Rcd8 36. Rxd8 Rxd8 37. Be1 a4 38. Bf1 Nd4 39. Ba5 Nxc2 0-1

[Event "DEM U12/U12w 2009"]
[Site "Willingen GER"]
[Date "2009.06.05"]
[Round "10"]
[White "Yankelevich, Lev"]
[Black "Hansch, Karsten"]
[Result "1-0"]
[Termination "normal"]
[Board "4"]
[WhiteElo "1898"]
[BlackElo "1839"]
[PlyCount "101"]
[WhiteFideId "24684074"]
[BlackFideId "24692239"]
[EventCountry "GER"]
[EventRounds "11"]
[EventType "swiss"]
[EventDate "2009.05.30"]

1. e4 c5 2. Nf3 d6 3. d4 cxd4 4. Nxd4 Nf6 5. Nc3 a6 6. Be2 e5 7. Nb3 Be6 8. f4
Qc7 9. g4 Be7 10. g5 Nfd7 11. Be3 exf4 12. Bxf4 Ne5 13. Qd2 Nbd7 14. O-O-O O-O
15. h4 Rac8 16. h5 Qd8 17. Nd4 Nb6 18. Kb1 Nbc4 19. Qc1 Qc7 20. Bxe5 Nxe5 21.
g6 h6 22. gxf7+ Bxf7 23. Rdg1 Bg5 24. Rxg5 hxg5 25. Qxg5 Qd8 26. Qg3 Qd7 27.
Rg1 Bc4 28. Nf5 Bxe2 29. Nxe2 Rc7 30. Ned4 Kh7 31. c3 Rf6 32. Qg5 Qf7 33. Qh4
Qf8 34. Qh3 b5 35. Ne3 Qc8 36. Ndf5 Rcf7 37. Rg5 Qb7 38. Nd5 Rxf5 39. Rxf5 Nc4
40. Qg4 Ne5 41. Qf4 Kg8 42. Rxf7 Qxf7 43. Qxf7+ Kxf7 44. Nc7 Nc4 45. Kc2 Kf6
46. Nxa6 Kg5 47. Nc7 Kxh5 48. Nxb5 g5 49. b3 Ne3+ 50. Kd3 Nf1 51. Nxd6 1-0

[Event "DEM U12/U12w 2009"]
[Site "Willingen GER"]
[Date "2009.06.05"]
[Round "10"]
[White "Blübaum, Matthias"]
[Black "Volz, Alexander"]
[Result "1-0"]
[Termination "normal"]
[Board "5"]
[WhiteElo "2051"]
[BlackElo "1650"]
[PlyCount "93"]
[WhiteFideId "24651516"]
[BlackFideId "4669126"]
[EventCountry "GER"]
[EventRounds "11"]
[EventType "swiss"]
[EventDate "2009.05.30"]

1. d4 d5 2. c4 dxc4 3. e4 e5 4. Nf3 exd4 5. Bxc4 Bb4+ 6. Bd2 Bxd2+ 7. Nbxd2 Nf6
8. e5 Nd5 9. Qb3 c6 10. Bxd5 Qxd5 11. Qxd5 cxd5 12. Nxd4 Nc6 13. Nxc6 bxc6 14.
Rc1 Bd7 15. Nf3 Ke7 16. Nd4 Rhc8 17. Rc5 Rab8 18. Nb3 Rb5 19. Kd2 Rxc5 20. Nxc5
Rb8 21. b3 Rb5 22. Rc1 Rb4 23. Nd3 Rb5 24. Rc5 a6 25. Kc3 Rxc5+ 26. Nxc5 Bc8
27. b4 f6 28. f4 fxe5 29. fxe5 h6 30. Kd4 Kd8 31. e6 Ke7 32. Ke5 g6 33. h4 g5
34. hxg5 hxg5 35. a4 g4 36. g3 d4 37. Kxd4 Bxe6 38. Nxe6 Kxe6 39. Kc5 Ke5 40.
Kxc6 Ke4 41. b5 axb5 42. axb5 Kf3 43. b6 Kxg3 44. b7 Kf2 45. b8=Q g3 46. Qf4+
Kg2 47. Kd5 1-0

[Event "DEM U12/U12w 2009"]
[Site "Willingen GER"]
[Date "2009.06.05"]
[Round "10"]
[White "Kvetny, Mark"]
[Black "Peil, Christoph"]
[Result "1-0"]
[Termination "normal"]
[Board "6"]
[WhiteElo "1858"]
[BlackElo "1756"]
[PlyCount "73"]
[WhiteFideId "24603929"]
[BlackFideId "24651800"]
[EventCountry "GER"]
[EventRounds "11"]
[EventType "swiss"]
[EventDate "2009.05.30"]

1. d4 Nf6 2. c4 g6 3. Nc3 Bg7 4. e4 d6 5. Be2 Nbd7 6. Nf3 O-O 7. O-O e5 8. Be3
Re8 9. d5 Nh5 10. g3 f5 11. exf5 gxf5 12. Ng5 Nhf6 13. Ne6 Rxe6 14. dxe6 Nf8
15. f4 e4 16. c5 d5 17. e7 Qxe7 18. Nxd5 Qf7 19. Nxf6+ Qxf6 20. Qb3+ Kh8 21.
Rfd1 Qxb2 22. Qxb2 Bxb2 23. Rab1 Bf6 24. Bc4 b6 25. Bd5 Rb8 26. a4 Bd7 27. a5
b5 28. c6 Be8 29. Bxa7 Ra8 30. Bb6 Rc8 31. Bc5 Kg7 32. a6 Ng6 33. a7 Ne7 34.
Rxb5 Nxc6 35. Bxc6 Bxc6 36. Rb8 Rg8 37. Rd7+ 1-0

[Event "DEM U12/U12w 2009"]
[Site "Willingen GER"]
[Date "2009.06.05"]
[Round "10"]
[White "Schröder, Jan-Christian"]
[Black "Scheel, Henrik"]
[Result "1-0"]
[Termination "normal"]
[Board "7"]
[WhiteElo "1820"]
[BlackElo "1626"]
[PlyCount "127"]
[WhiteFideId "24662259"]
[BlackFideId "24692115"]
[EventCountry "GER"]
[EventRounds "11"]
[EventType "swiss"]
[EventDate "2009.05.30"]

1. e4 e5 2. Nf3 Nc6 3. Bb5 a6 4. Ba4 Nf6 5. O-O b5 6. Bb3 Be7 7. Re1 O-O 8. d4
d6 9. c3 Bb7 10. Nbd2 Rc8 11. Nf1 exd4 12. cxd4 Na5 13. Bc2 Re8 14. Ng3 g6 15.
a4 Nc6 16. axb5 axb5 17. Bd3 b4 18. d5 Ne5 19. Nxe5 dxe5 20. Ra7 Rb8 21. Bb5
Nd7 22. Qa4 Nc5 23. Qd1 Nd7 24. Be3 Rf8 25. Qe2 Bc5 26. Bxc5 Nxc5 27. Qc4 Nd7
28. Qxb4 c6 29. Ba4 Bc8 30. Qd6 Rxb2 31. Qxc6 Nb6 32. Qc3 Nxa4 33. Rxa4 Qb6 34.
Qe3 Qxe3 35. fxe3 f5 36. exf5 gxf5 37. Re2 Rb1+ 38. Nf1 Bb7 39. Rd2 Rd8 40. Ra5
Rd6 41. Kf2 Ba6 42. Ng3 f4 43. Ne2 Rf6 44. exf4 Bxe2 45. Kxe2 Rxf4 46. g3 Rff1
47. Raa2 e4 48. Ke3 Rb4 49. d6 Rf3+ 50. Ke2 Rb8 51. Ra4 e3 52. Kxf3 exd2 53.
Rd4 Kf7 54. Rxd2 Rd8 55. d7 Kg6 56. Ke4 Kf6 57. Rd6+ Ke7 58. Ke5 Kf7 59. g4 Ke7
60. Re6+ Kf7 61. Kd6 Ra8 62. Re7+ Kf6 63. Re8 Ra6+ 64. Kc5 1-0

[Event "DEM U12/U12w 2009"]
[Site "Willingen GER"]
[Date "2009.06.05"]
[Round "10"]
[White "Lerch, Philipp"]
[Black "Schoepe, Tobias"]
[Result "1/2-1/2"]
[Termination "normal"]
[Board "8"]
[WhiteElo "1900"]
[BlackElo "1576"]
[PlyCount "115"]
[WhiteFideId "4654129"]
[BlackFideId "24692107"]
[EventCountry "GER"]
[EventRounds "11"]
[EventType "swiss"]
[EventDate "2009.05.30"]

1. e4 e6 2. d4 d5 3. Nd2 c5 4. exd5 exd5 5. Ngf3 Nf6 6. Bb5+ Bd7 7. Bxd7+ Nbxd7
8. O-O Be7 9. dxc5 Nxc5 10. Nb3 O-O 11. Nbd4 Nce4 12. Be3 a6 13. c3 Rc8 14. Nf5
Qd7 15. Nxe7+ Qxe7 16. Re1 Qc7 17. Qb3 Rfe8 18. Rad1 b5 19. Rd4 Qb7 20. a4 Nc5
21. Qc2 Nxa4 22. Red1 Nb6 23. Rh4 Re4 24. Rh3 h6 25. Bd4 Nbd7 26. Qd2 Rce8 27.
Be3 Rg4 28. Bxh6 Ne4 29. Qc1 Rg6 30. Be3 Ne5 31. Nxe5 Rxe5 32. f3 Nf6 33. Qd2
Qc8 34. Rg3 Rxg3 35. hxg3 Qc4 36. Qd3 Qxd3 37. Rxd3 Re6 38. Kf2 Rd6 39. Bf4 Rd8
40. g4 Ne8 41. b3 Nf6 42. g5 Nh5 43. Bh2 g6 44. c4 bxc4 45. bxc4 d4 46. Be5 Ng7
47. Rxd4 Ne6 48. Rxd8+ Nxd8 49. c5 Kf8 50. Ke3 Ke8 51. f4 Kd7 52. Kd3 Kc6 53.
Kc4 Nb7 54. Bd4 a5 55. g4 a4 56. f5 a3 57. fxg6 fxg6 58. Kb3 1/2-1/2

[Event "DEM U12/U12w 2009"]
[Site "Willingen GER"]
[Date "2009.06.05"]
[Round "10"]
[White "Bonk, Andras"]
[Black "Wolff, Christopher"]
[Result "0-1"]
[Termination "normal"]
[Board "9"]
[WhiteElo "1759"]
[BlackElo "1494"]
[PlyCount "92"]
[WhiteFideId "24692123"]
[EventCountry "GER"]
[EventRounds "11"]
[EventType "swiss"]
[EventDate "2009.05.30"]

1. e4 c5 2. Nf3 Nc6 3. d4 cxd4 4. Nxd4 g6 5. Nc3 Bg7 6. Be3 Nf6 7. Bc4 O-O 8.
f3 Qb6 9. Qd2 Nxe4 10. Nxc6 Nxd2 11. Nxe7+ Kh8 12. Bxb6 Nxc4 13. Bf2 Nxb2 14.
Kd2 Nc4+ 15. Kd3 Ne5+ 16. Kd2 b6 17. Ned5 Bb7 18. Rad1 Rac8 19. Kc1 Nc4 20. Nb5
Bh6+ 21. Kb1 Bg7 22. Ne7 Rcd8 23. Bd4 a6 24. Nc7 d6 25. Ncd5 Bxd5 26. Nxd5 Bxd4
27. Rxd4 b5 28. Nc7 Rc8 29. Nxa6 Rfe8 30. Rf4 Kg7 31. Nb4 Re2 32. g3 Na3+ 33.
Kb2 Nxc2 34. Kb3 Re3+ 35. Kb2 Nxb4 36. Rxb4 Rxf3 37. Rxb5 Rf2+ 38. Kb3 Rcc2 39.
Rd5 Rxa2 40. Rxd6 Rxh2 41. Rf1 Raf2 42. Rfd1 Rf3+ 43. R1d3 Rxd3+ 44. Rxd3 h5
45. Kc4 Rh3 46. Kd4 h4 0-1

[Event "DEM U12/U12w 2009"]
[Site "Willingen GER"]
[Date "2009.06.05"]
[Round "10"]
[White "Grigorian, Spartak"]
[Black "Koop, Thorben"]
[Result "1-0"]
[Termination "normal"]
[Board "10"]
[WhiteElo "1765"]
[BlackElo "1735"]
[PlyCount "71"]
[WhiteFideId "24661490"]
[BlackFideId "24661619"]
[EventCountry "GER"]
[EventRounds "11"]
[EventType "swiss"]
[EventDate "2009.05.30"]

1. d4 f5 2. g3 Nf6 3. Nf3 g6 4. Bg2 Bg7 5. O-O O-O 6. b4 d6 7. Bb2 Nbd7 8. c4
Ne4 9. Nc3 Ndf6 10. Qb3 Kh8 11. Nxe4 Nxe4 12. d5 e5 13. Rac1 b6 14. Rfd1 Bd7
15. Nd2 Nxd2 16. Rxd2 Rb8 17. Rdc2 f4 18. Qa3 Bf5 19. Rd2 fxg3 20. hxg3 Qc8 21.
c5 bxc5 22. bxc5 Qd7 23. cxd6 cxd6 24. e4 Bh3 25. Rc6 Bxg2 26. Kxg2 Rfd8 27.
Rdc2 Rb7 28. Bc3 Bf8 29. Ba5 Rdb8 30. Bc7 Re8 31. Bxd6 Qg4 32. Bxf8 Qxe4+ 33.
f3 Qxd5 34. Bh6 e4 35. Rc8 Rb8 36. Qc3+ 1-0

[Event "DEM U12/U12w 2009"]
[Site "Willingen GER"]
[Date "2009.06.05"]
[Round "10"]
[White "Zimmermann, Christian"]
[Black "Kreyssig, Robert"]
[Result "0-1"]
[Termination "normal"]
[Board "11"]
[WhiteElo "1655"]
[BlackElo "1787"]
[PlyCount "84"]
[WhiteFideId "24692069"]
[BlackFideId "4662881"]
[EventCountry "GER"]
[EventRounds "11"]
[EventType "swiss"]
[EventDate "2009.05.30"]

1. e4 c6 2. d4 d5 3. exd5 cxd5 4. Bd3 Nc6 5. c3 Qc7 6. Be3 e5 7. dxe5 Nxe5 8.
Bb5+ Bd7 9. Qxd5 O-O-O 10. Bd4 Bd6 11. Ne2 Nf6 12. Bxd7+ Rxd7 13. Qb5 a6 14.
Qb3 Nd3+ 15. Kd2 Nc5 16. Qd1 Nce4+ 17. Ke1 Bc5 18. f3 Ng5 19. Nd2 Re8 20. Kf2
Rde7 21. Ng3 Bxd4+ 22. cxd4 Qf4 23. Nc4 Ng4+ 24. Kf1 Kb8 25. Qd2 Nxh2+ 26. Kf2
Ng4+ 27. Kf1 Qxg3 28. fxg4 Ne4 29. Qc2 Qf4+ 30. Kg1 Ng3 31. Ne5 Qxd4+ 32. Kh2
Qxe5 33. Rhe1 Ne4+ 34. Kh1 Qf4 35. Rxe4 Qxe4 36. Qc5 Qxg4 37. Qd6+ Ka8 38. Qd3
Re1+ 39. Rxe1 Rxe1+ 40. Kh2 Qh4+ 41. Qh3 Qf4+ 42. Qg3 Rh1+ 0-1

[Event "DEM U12/U12w 2009"]
[Site "Willingen GER"]
[Date "2009.06.05"]
[Round "10"]
[White "Ott, Florian"]
[Black "Nöttling, Dominik"]
[Result "1/2-1/2"]
[Termination "normal"]
[Board "12"]
[WhiteElo "1567"]
[BlackElo "1781"]
[PlyCount "57"]
[WhiteFideId "12900281"]
[BlackFideId "24672807"]
[EventCountry "GER"]
[EventRounds "11"]
[EventType "swiss"]
[EventDate "2009.05.30"]

1. Nf3 Nf6 2. d4 e6 3. c4 b6 4. Bf4 Bb7 5. e3 Bb4+ 6. Nc3 O-O 7. Bd3 d5 8. O-O
Nbd7 9. Rc1 Bxc3 10. Rxc3 Re8 11. Qc2 c5 12. Bg5 h6 13. Bh4 dxc4 14. Bxc4 cxd4
15. Nxd4 Be4 16. Qe2 Qb8 17. Bb5 Rc8 18. Bc6 Bxc6 19. Nxc6 Qd6 20. Rd1 Qf8 21.
Qc2 Re8 22. e4 Kh8 23. b4 e5 24. b5 Re6 25. Rcd3 Nc5 26. Rd8 Rxd8 27. Rxd8 Re8
28. Bxf6 gxf6 29. Rxe8 1/2-1/2

[Event "DEM U12/U12w 2009"]
[Site "Willingen GER"]
[Date "2009.06.05"]
[Round "10"]
[White "Schmitt, Carsten"]
[Black "Xiong, Ferdinand"]
[Result "0-1"]
[Termination "normal"]
[Board "13"]
[WhiteElo "1624"]
[BlackElo "1815"]
[PlyCount "98"]
[WhiteFideId "24661040"]
[BlackFideId "24654132"]
[EventCountry "GER"]
[EventRounds "11"]
[EventType "swiss"]
[EventDate "2009.05.30"]

1. d4 Nf6 2. Nf3 g6 3. g3 Bg7 4. Bg2 O-O 5. c4 d6 6. O-O Nbd7 7. Nc3 e5 8. e4
a5 9. h3 exd4 10. Nxd4 Re8 11. Re1 Nc5 12. Nb3 Ne6 13. Be3 Nd7 14. Qc2 Ne5 15.
Nd2 Nc5 16. Bxc5 dxc5 17. Red1 Nc6 18. Nb3 Nd4 19. Nxd4 cxd4 20. Ne2 Be6 21. f4
Qd7 22. e5 c5 23. Kh2 Qc7 24. Qb3 Rab8 25. Nc1 b5 26. Qf3 Bxc4 27. b3 Be6 28.
Ne2 Red8 29. Rac1 Qb6 30. Qc6 Qxc6 31. Bxc6 Bf8 32. Be4 Rb6 33. g4 a4 34. f5
Bd5 35. Ng3 axb3 36. Bxd5 Rxd5 37. axb3 Rxe5 38. fxg6 fxg6 39. b4 Ra6 40. bxc5
Ra2+ 41. Kh1 Bxc5 42. Rf1 d3 43. Ne4 Rc2 44. Ra1 Rxe4 45. Ra8+ Kg7 46. Rd8 d2
47. g5 Re1 48. Rd7+ Be7 49. Kg1 Rcc1 0-1

[Event "DEM U12/U12w 2009"]
[Site "Willingen GER"]
[Date "2009.06.05"]
[Round "10"]
[White "Schuhmacher, Jakob"]
[Black "Pixa, Richard"]
[Result "1/2-1/2"]
[Termination "normal"]
[Board "14"]
[WhiteElo "1650"]
[BlackElo "1788"]
[PlyCount "95"]
[WhiteFideId "4612787"]
[BlackFideId "4626095"]
[EventCountry "GER"]
[EventRounds "11"]
[EventType "swiss"]
[EventDate "2009.05.30"]

1. d4 d5 2. c4 e6 3. Nc3 c6 4. e3 Nd7 5. Nf3 Ngf6 6. Qc2 Bd6 7. b3 b6 8. Bb2
Bb7 9. cxd5 cxd5 10. Nb5 Bb4+ 11. Bc3 Bxc3+ 12. Qxc3 O-O 13. Nd6 Rb8 14. Be2
Ne8 15. Nxe8 Rxe8 16. O-O Rc8 17. Qb2 Nf8 18. Rac1 Qd6 19. Rfd1 Ng6 20. Rxc8
Rxc8 21. Rc1 Qd7 22. Rc3 Rxc3 23. Qxc3 Qc6 24. Qxc6 Bxc6 25. Kf1 Kf8 26. Ke1
Ke7 27. Kd2 f6 28. Kc3 Nh8 29. Bd3 h6 30. b4 Nf7 31. b5 Be8 32. Kb4 Nd6 33. a4
Nb7 34. Nd2 Na5 35. Nb3 Nxb3 36. Kxb3 g5 37. Kb4 Kf7 38. Kc3 Kg7 39. Kd2 Bg6
40. Ke2 Bxd3+ 41. Kxd3 f5 42. a5 Kf6 43. axb6 axb6 44. Ke2 Kg6 45. Kf3 Kh5 46.
Kg3 Kg6 47. h4 Kh5 48. hxg5 1/2-1/2

[Event "DEM U12/U12w 2009"]
[Site "Willingen GER"]
[Date "2009.06.05"]
[Round "10"]
[White "Bluhm, Sonja Maria"]
[Black "Keller, Peter"]
[Result "1/2-1/2"]
[Termination "normal"]
[Board "15"]
[WhiteElo "1714"]
[BlackElo "1458"]
[PlyCount "57"]
[WhiteFideId "24654027"]
[BlackFideId "1272105"]
[EventCountry "GER"]
[EventRounds "11"]
[EventType "swiss"]
[EventDate "2009.05.30"]

1. e4 d5 2. exd5 Nf6 3. d4 Nxd5 4. c4 Nb6 5. h3 g6 6. Nf3 Bg7 7. Nc3 O-O 8. Be3
Nc6 9. Qd2 e5 10. d5 Ne7 11. Be2 Nf5 12. Bc5 Nd6 13. Qc1 Re8 14. Nd2 f5 15. O-O
e4 16. Be3 Nf7 17. Nb3 Ne5 18. Nb5 Nf7 19. Bd4 c6 20. dxc6 bxc6 21. Bxg7 Kxg7
22. Qc3+ Kg8 23. N5d4 Ne5 24. Rae1 Ba6 25. c5 Bxe2 26. Rxe2 Nd5 27. Qd2 Qd7 28.
Rd1 Red8 29. Qc1 1/2-1/2

[Event "DEM U12/U12w 2009"]
[Site "Willingen GER"]
[Date "2009.06.05"]
[Round "10"]
[White "Manusina, Nicole"]
[Black "Sabirov, Ramil"]
[Result "0-1"]
[Termination "normal"]
[Board "16"]
[WhiteElo "1685"]
[BlackElo "1518"]
[PlyCount "50"]
[WhiteFideId "24657514"]
[BlackFideId "12900303"]
[EventCountry "GER"]
[EventRounds "11"]
[EventType "swiss"]
[EventDate "2009.05.30"]

1. d4 Nf6 2. c4 e6 3. Nc3 Bb4 4. f3 Bxc3+ 5. bxc3 Nh5 6. Nh3 f5 7. Ba3 d6 8. e3
O-O 9. Bd3 Qh4+ 10. Nf2 Nc6 11. O-O e5 12. d5 Ne7 13. e4 f4 14. c5 Rf6 15. Ng4
Rg6 16. Be2 Nf6 17. Nxf6+ Rxf6 18. Rf2 Rh6 19. h3 Qg3 20. Kf1 Bxh3 21. gxh3
Rxh3 22. Ke1 Rh2 23. Kd2 Qxf2 24. Qe1 Qxf3 25. Kd1 Qxe4 0-1

[Event "DEM U12/U12w 2009"]
[Site "Willingen GER"]
[Date "2009.06.05"]
[Round "10"]
[White "Hirschmann, Jakob"]
[Black "Richter, Leonard"]
[Result "1/2-1/2"]
[Termination "normal"]
[Board "17"]
[WhiteElo "1678"]
[BlackElo "1553"]
[PlyCount "52"]
[WhiteFideId "24652067"]
[BlackFideId "12900290"]
[EventCountry "GER"]
[EventRounds "11"]
[EventType "swiss"]
[EventDate "2009.05.30"]

1. e4 c6 2. d4 d5 3. exd5 cxd5 4. Bd3 Nc6 5. c3 Nf6 6. Bg5 g6 7. Nf3 Bg7 8. O-O
Bg4 9. h3 Bxf3 10. Qxf3 O-O 11. Re1 a6 12. Nd2 b5 13. a3 Rc8 14. Nb3 Re8 15.
Nc5 e5 16. dxe5 Nxe5 17. Qg3 Qd6 18. Nb3 Re6 19. Rad1 Nh5 20. Qh2 Qb6 21. Bc2
Nc4 22. g4 Rxe1+ 23. Rxe1 Nf6 24. Rb1 Ne4 25. Bxe4 dxe4 26. Nd2 Nxd2 1/2-1/2

[Event "DEM U12/U12w 2009"]
[Site "Willingen GER"]
[Date "2009.06.05"]
[Round "10"]
[White "Damm, Nils"]
[Black "Imcke, Patrick"]
[Result "0-1"]
[Termination "normal"]
[Board "18"]
[WhiteElo "1458"]
[BlackElo "1711"]
[PlyCount "74"]
[WhiteFideId "24693065"]
[BlackFideId "4622502"]
[EventCountry "GER"]
[EventRounds "11"]
[EventType "swiss"]
[EventDate "2009.05.30"]

1. e4 e6 2. d4 d5 3. e5 c5 4. c3 Qb6 5. Qb3 Nc6 6. Nf3 Nh6 7. Qxb6 axb6 8. Bb5
Bd7 9. Be3 Nxe5 10. Bxd7+ Nxd7 11. O-O Nf5 12. Nbd2 Bd6 13. c4 O-O 14. b3 cxd4
15. Nxd4 Nxd4 16. Bxd4 e5 17. Bb2 d4 18. Ne4 Be7 19. f4 f6 20. Ng3 g6 21. fxe5
fxe5 22. Rxf8+ Rxf8 23. Ne4 Re8 24. Rd1 Nc5 25. Nxc5 bxc5 26. Re1 Bf6 27. Ba3
b6 28. Kf2 Ra8 29. Bc1 Rxa2+ 30. Kf3 Kf7 31. h3 Rc2 32. Ke4 Ke6 33. g4 Rc3 34.
g5 Be7 35. Rh1 Rxb3 36. h4 Rg3 37. h5 Bxg5 0-1